| 000 | 00406nam a22001697a 4500 | ||
|---|---|---|---|
| 003 | OSt | ||
| 005 | 20211202143513.0 | ||
| 008 | 211202b |||||||| |||| 00| 0 eng d | ||
| 020 | _a0258016437 | ||
| 040 | _cHU | ||
| 082 | _a657.3 | ||
| 100 |
_aHAWKING DAVID F. _921540 |
||
| 245 | _aCORPORATE FINANCIAL REPORTING TEXT ANDCASES | ||
| 260 |
_aU S A _bECDC _c1977 |
||
| 300 | _a796 | ||
| 942 |
_2ddc _cBOOKS _n0 |
||
| 999 |
_c21183 _d21183 |
||